000 00694nam a2200205 a 4500
001 000011081
005 20240412074222.0
008 091014t1980 dr a r 001 p spa d
040 _aDO-SdBNP
_bspa
_cBNPHU
082 _aRD861.44
_bR139a
100 1 _aRaful, Tony,
_d1951-
_91377
245 1 0 _aAbril, nacen alas delante de tus ojos :
_bpoemas /
_cTony Raful.
260 _aSanto Domingo :
_bAlfa y Omega,
_c1980.
300 _a99 p. :
_bil. ;
_c21 cm.
500 _aIncluye datos biográficos del autor en la solapa de la cubierta.
590 _aInventariado, 2018/BT
650 0 _aPoesía dominicana
_966
650 0 _aLiteratura dominicana.
_967
910 _aValidado. Control de calidad. EMS
999 _c10806
_d10806